NBA Players from Texas Tech - Statistics

General Stats
  • This quiz has been taken 42 times
    3 since last reset
  • The average score is 6 of 23
Answer Stats
Position Player Draft Year % Correct
SG Jarrett Culver 2019
100%
PG Mac McClung 2021
100%
GF Darvin Ham 1996
67%
SG Jahmi'us Ramsey 2020
67%
SF Jaylon Tyson 2024
67%
GF Terrence Shannon Jr. 2024
67%
SG Zhaire Smith 2018
67%
SG Kevin McCullar Jr. 2024
33%
G Matt Mooney 2019
33%
PF Tariq Owens 2019
33%
GF Andre Emmett 2004
0%
G Cory Carr 1998
0%
GF Dusty Hannahs 2017
0%
G Geoff Huston 1979
0%
F Jason Sasser 1996
0%
G Jeff Taylor 1982
0%
G Josh Gray 2016
0%
F Kasib Powell 2003
0%
GF Mark Davis 1995
0%
SG Micah Peavy 2025
0%
C Paul Nolen 1953
0%
PF Sam Sibert 1972
0%
PF Tony Battie 1997
0%
No matching quizzes found
Score Distribution
Percent of People with Each Score
Percentile by Number Answered
Your Score History
You have not taken this quiz since the last reset